000 01312cam a2200397 4500
001 1944
003 FISKH
005 20231019160423.0
008 760105s1975 nyu j 000 1 eng
010 _a 74002625
020 _a9780590434508
020 _a0060267380 (lib. bdg.)
040 _aDLC
_cDLC
_dDLC
_beng
042 _alcac
050 0 0 _aPZ7.Y44
_bDr
051 _aPZ7.Y44
_bDr Copy 2
_cSigned by the author, 1/27/76. In dust jacket.
082 0 0 _a420
100 1 _aYep, Laurence,
_d1948-
245 1 0 _aDragonwings /
_cby Laurence Yep.
250 _aFirst Scholastic printing, October 1990
260 _aNew York :
_bScholastic,
_c1975.
300 _a248 pages ;
_c20 cm
505 _aW
520 _aIn the early twentieth century a young Chinese boy joins his father in San Francisco and helps him realize his dream of making a flying machine.
521 8 _a870
_bLexile
521 8 _aW
_bRaz-Plus
586 _aNewbery Honor Book, 1976
650 1 _aFathers and sons
_xFiction.
650 1 _aChinese Americans
_xFiction.
651 1 _aSan Francisco (Calif.)
_xHistory
_y20th century
_xFiction.
655 7 _aJuvenile literature
_y1975.
_2rbgenr
906 _a7
_bcbc
_corignew
_d2
_eocip
_f19
_gy-gencatlg
942 _2ddc
_cBK
_n0
999 _c1944
_d1944